000 00380nam a2200109Ia 4500
008 220204s9999 xx 000 0 und d
082 _aNR:631.54
_bASH
100 _aAshplant, Herbert
245 0 _aRecent developments in the rubber planting industry with special reference to budding, brown bast treatment, manuring of rubber etc
260 _aMundakayam
_bUPASI
_c1924
942 _cBK
999 _c19926
_d19926